[Event "BCF-chT4 2223 (4NCL)"]
[Site "England"]
[Date "2023.04.30"]
[Round "10.22"]
[White "Rawlinson, Aidan"]
[Black "Ireland, David J"]
[Result "1-0"]
[WhiteElo "2180"]
[BlackElo "1971"]
[PlyCount "67"]
[EventDate "2022.11.05"]
[EventType "team-swiss"]
[EventRounds "11"]
[EventCountry "ENG"]
[SourceTitle "EXT 2024"]
[Source "ChessBase"]
[SourceDate "2023.10.10"]
[SourceVersion "1"]
[SourceVersionDate "2023.10.10"]
[SourceQuality "1"]
[WhiteTeam "Average Wood Pushers"]
[BlackTeam "Coventry"]
[WhiteTeamCountry "ENG"]
[BlackTeamCountry "ENG"]

1. d4 Nf6 2. c4 c5 3. d5 b5 4. cxb5 a6 5. bxa6 g6 6. Nc3 Bxa6 7. e4 Bxf1 8. Kxf1 d6 9. Nf3 Nbd7 10. g3 Bg7 11. Kg2 Ng4 12. a4 0-0 13. h3 Nge5 14. Nxe5 Nxe5 15. Qe2 c4 16. Bd2 Qb6 17. Rhb1 Qb3 18. Ra3 Qc2 19. Ra2 Qb3 20. Ra3 Qc2 21. b4 cxb3 22. Raxb3 Nd3 23. Be3 Qxe2 24. Nxe2 Nc5 25. Bxc5 dxc5 26. Ra3 Ra5 27. Rb7 Re8 28. Nf4 c4 29. Rc7 c3 30. Ne2 Rea8 31. Nxc3 Bxc3 32. Raxc3 f5 33. exf5 Rxd5 34. fxg6 1-0

[Event "BCF-chT4 2223 (4NCL)"]
[Site "England"]
[Date "2023.02.05"]
[Round "6.11"]
[White "Tenin, Aleksander"]
[Black "Rawlinson, Aidan"]
[Result "0-1"]
[WhiteElo "2110"]
[BlackElo "2180"]
[PlyCount "126"]
[EventDate "2022.11.05"]
[EventType "team-swiss"]
[EventRounds "11"]
[EventCountry "ENG"]
[SourceTitle "EXT 2024"]
[Source "ChessBase"]
[SourceDate "2023.10.10"]
[SourceVersion "1"]
[SourceVersionDate "2023.10.10"]
[SourceQuality "1"]
[WhiteTeam "War and Piece"]
[BlackTeam "Average Wood Pushers"]
[WhiteTeamCountry "ENG"]
[BlackTeamCountry "ENG"]

1. e4 g6 2. Nc3 Bg7 3. d4 d6 4. Be3 a6 5. Be2 b5 6. a3 Bb7 7. Bf3 Nd7 8. Qd2 Rc8 9. d5 c5 10. dxc6 Bxc6 11. Bd4 Bxd4 12. Qxd4 Ngf6 13. h4 Qb6 14. Nge2 Qxd4 15. Nxd4 Ne5 16. Nxc6 Nxf3+ 17. gxf3 Rxc6 18. 0-0-0 e6 19. Rd2 Ke7 20. f4 Rd8 21. Re1 Rc5 22. e5 dxe5 23. Rxd8 Kxd8 24. fxe5 Ng4 25. f4 h5 26. Rd1+ Kc7 27. Rd6 Rc6 28. Rxc6+ Kxc6 29. Ne4 Ne3 30. Ng5 Ng2 31. Nxf7 Nxf4 32. Kd2 Ng2 33. Ng5 Kd5 34. Nf3 Ke4 35. Ke2 Nf4+ 36. Kf2 Nd5 37. b3 Nc3 38. Ne1 Kxe5 39. Nd3+ Kf5 40. Nb4 a5 41. Nc6 a4 42. Kf3 g5 43. Nd4+ Ke5 44. Nc6+ Kf6 45. hxg5+ Kxg5 46. Nd4 e5 47. Ne6+ Kf6 48. Nc5 Kf5 49. Nb7 e4+ 50. Ke3 Ke5 51. bxa4 bxa4 52. Nc5 h4 53. Nd7+ Kf5 54. Kf2 Kf4 55. Nc5 e3+ 56. Kg2 e2 57. Kh3 Ke3 58. Nd3 Kd2 59. Kxh4 Kxc2 60. Ne1+ Kd1 61. Nf3 e1Q+ 62. Nxe1 Kxe1 63. Kg4 Kd2 0-1

[Event "BCF-chT4 2223 (4NCL)"]
[Site "England"]
[Date "2022.11.05"]
[Round "1.42"]
[White "Pedersen, Carsten"]
[Black "Rawlinson, Aidan"]
[Result "0-1"]
[WhiteElo "2101"]
[BlackElo "2180"]
[PlyCount "102"]
[EventDate "2022.11.05"]
[EventType "team-swiss"]
[EventRounds "11"]
[EventCountry "ENG"]
[SourceTitle "EXT 2024"]
[Source "ChessBase"]
[SourceDate "2023.10.10"]
[SourceVersion "1"]
[SourceVersionDate "2023.10.10"]
[SourceQuality "1"]
[WhiteTeam "Celtic Tigers II"]
[BlackTeam "Average Wood Pushers"]
[WhiteTeamCountry "ENG"]
[BlackTeamCountry "ENG"]

1. e4 g6 2. Nc3 Bg7 3. d4 d6 4. Be2 Nf6 5. h4 c5 6. d5 h5 7. Nf3 Bg4 8. Ng5 Bxe2 9. Qxe2 Nbd7 10. Bd2 a6 11. a4 0-0 12. 0-0 Ne5 13. a5 Nh7 14. Nxh7 Kxh7 15. g3 Qd7 16. Kg2 e6 17. Bf4 Rfe8 18. Bxe5 Bxe5 19. Qd3 Bxc3 20. bxc3 exd5 21. exd5 Re7 22. Rfe1 Rae8 23. Rxe7 Rxe7 24. Rb1 Re5 25. Rb6 Qe7 26. c4 Re1 27. Qf3 Kg8 28. Rb3 Kg7 29. Qc3+ Kg8 30. Qf3 Kf8 31. Qf4 Re4 32. Qh6+ Kg8 33. Qg5 Qxg5 34. hxg5 Re7 35. Rb6 Rd7 36. Kf3 Kf8 37. g4 hxg4+ 38. Kxg4 Ke8 39. f4 Kd8 40. Rb3 Re7 41. Rh3 Kc7 42. Kf3 b6 43. axb6+ Kxb6 44. Rh8 a5 45. Rd8 a4 46. Rxd6+ Ka5 47. Rd8 Ra7 48. Rb8 a3 49. Rb1 Ka4 50. Ke4 Re7+ 51. Kd3 a2 0-1

[Event "Bunratty Online"]
[Site "Chess.com INT"]
[Date "2021.02.20"]
[Round "6"]
[White "Rawlinson, Aidan"]
[Black "Farrelly, Eoin"]
[Result "1-0"]
[WhiteElo "2190"]
[BlackElo "1686"]
[PlyCount "71"]
[EventDate "2021.02.20"]
[EventType "swiss (blitz)"]
[EventRounds "9"]
[EventCountry "IRL"]
[SourceTitle "CBM 200 Extra"]
[Source "ChessBase"]
[SourceDate "2021.03.31"]
[SourceVersion "1"]
[SourceVersionDate "2021.03.31"]
[SourceQuality "1"]

1. d4 Nf6 2. c4 e6 3. g3 d5 4. Nf3 Bd6 5. Bg2 0-0 6. 0-0 c6 7. Qc2 Nbd7 8. Nbd2 b6 9. e4 dxe4 10. Nxe4 Nxe4 11. Qxe4 Bb7 12. Rd1 Nf6 13. Qc2 c5 14. dxc5 bxc5 15. Bf4 Ne4 16. Ng5 Nxg5 17. Bxb7 Qb6 18. Bxg5 Qxb7 19. Rxd6 Qc7 20. Rad1 f6 21. Be3 e5 22. b3 Rfd8 23. Qd3 Rxd6 24. Qxd6 Rc8 25. Qxc7 Rxc7 26. Rd5 Kf7 27. Bxc5 Ke6 28. f3 h5 29. Kf2 f5 30. Ke3 g5 31. Ba3 f4+ 32. Ke4 Rf7 33. Rxe5+ Kf6 34. Rf5+ Kg6 35. Rxf7 Kxf7 36. gxf4 1-0

[Event "BCF-chT3N 1920 (4NCL)"]
[Site "England"]
[Date "2020.02.08"]
[Round "5.11"]
[White "Gardiner, Eric D"]
[Black "Rawlinson, Aidan"]
[Result "0-1"]
[WhiteElo "1960"]
[BlackElo "2170"]
[PlyCount "84"]
[EventDate "2019.11.09"]
[EventType "team-swiss"]
[EventRounds "11"]
[EventCountry "ENG"]
[SourceTitle "EXT 2022"]
[Source "ChessBase"]
[SourceDate "2021.10.06"]
[SourceVersion "1"]
[SourceVersionDate "2021.10.06"]
[SourceQuality "1"]
[WhiteTeam "Euwe's North Sea Tigers"]
[BlackTeam "Manchester Manticores II"]
[WhiteTeamCountry "ENG"]
[BlackTeamCountry "ENG"]

1. d4 g6 2. e4 Bg7 3. Nc3 d6 4. f4 Nf6 5. Nf3 0-0 6. Be3 b6 7. Qd2 Bb7 8. e5 Ng4 9. 0-0-0 c5 10. dxc5 bxc5 11. Bxc5 Qc7 12. Bd4 dxe5 13. Nxe5 Nxe5 14. Bxe5 Bxe5 15. fxe5 Qxe5 16. Bc4 Nc6 17. Rde1 Qc5 18. Qd5 Qxd5 19. Nxd5 e6 20. Nf6+ Kg7 21. Ne4 Nb4 22. a3 Nd5 23. Rhf1 Rfd8 24. g4 Rac8 25. Bxd5 Bxd5 26. g5 Bxe4 27. Rxe4 Rd5 28. h4 Rc7 29. c3 h6 30. gxh6+ Kxh6 31. Kc2 e5 32. Rfe1 f6 33. b4 Kh5 34. Kb3 f5 35. Rxe5 Rxe5 36. Rxe5 Kxh4 37. c4 f4 38. Kc3 f3 39. Re4+ Kg3 40. Kd2 Rd7+ 41. Ke3 f2 42. Ke2 Rd2+ 0-1

[Event "BCF-chT3N 1819 (4NCL)"]
[Site "England"]
[Date "2019.05.04"]
[Round "9.21"]
[White "Rawlinson, Aidan"]
[Black "Rutter, Nicholas J"]
[Result "1/2-1/2"]
[WhiteElo "2177"]
[BlackElo "2297"]
[PlyCount "108"]
[EventDate "2018.11.10"]
[EventType "team-swiss"]
[EventRounds "11"]
[EventCountry "ENG"]
[SourceTitle "EXT 2021"]
[Source "ChessBase"]
[SourceDate "2020.10.23"]
[SourceVersion "1"]
[SourceVersionDate "2020.10.23"]
[SourceQuality "1"]
[WhiteTeam "Manchester Manticores II"]
[BlackTeam "Shropshire"]
[WhiteTeamCountry "ENG"]
[BlackTeamCountry "ENG"]

1. d4 d5 2. c4 c6 3. Nf3 Nf6 4. e3 Bg4 5. h3 Bh5 6. g4 Bg6 7. Ne5 e6 8. Nc3 Bb4 9. a3 Ba5 10. b4 Bc7 11. Bg2 dxc4 12. Nxg6 hxg6 13. Qe2 Nd5 14. Qxc4 0-0 15. e4 Nxc3 16. Qxc3 a5 17. Bb2 axb4 18. axb4 Rxa1+ 19. Bxa1 Nd7 20. 0-0 Qe7 21. b5 Rc8 22. bxc6 bxc6 23. f4 Bb6 24. Kh1 Nf6 25. d5 Qd7 26. d6 c5 27. Bf3 Qb5 28. Rd1 Rd8 29. g5 Ne8 30. e5 Qa4 31. Qe3 Nc7 32. Kg2 Nd5 33. Qe4 Qxe4 34. Bxe4 Ne3+ 35. Kf3 Nxd1 36. Ke2 c4 37. Kxd1 Be3 38. Bc3 Bxf4 39. Ba5 Rf8 40. h4 Bxe5 41. d7 Bg3 42. Kd2 Bxh4 43. d8Q Rxd8+ 44. Bxd8 Kf8 45. Bc6 f6 46. gxf6 gxf6 47. Kc3 Kf7 48. Kxc4 Bf2 49. Kd3 g5 50. Bd7 Bc5 51. Ke4 Be7 52. Bb6 Bd6 53. Bd8 g4 54. Kd4 Be7 1/2-1/2

[Event "Bunratty Masters 26th"]
[Site "Bunratty"]
[Date "2019.02.23"]
[Round "4"]
[White "Fehr, Jukka"]
[Black "Rawlinson, Aidan"]
[Result "0-1"]
[WhiteElo "1976"]
[BlackElo "2145"]
[PlyCount "82"]
[EventDate "2019.02.22"]
[EventType "swiss"]
[EventRounds "6"]
[EventCountry "IRL"]
[SourceTitle "EXT 2024"]
[Source "ChessBase"]
[SourceDate "2023.10.10"]
[SourceVersion "1"]
[SourceVersionDate "2023.10.10"]
[SourceQuality "1"]

1. d4 g6 2. c4 Bg7 3. Nc3 Nf6 4. e4 d6 5. Nf3 0-0 6. Be2 e5 7. 0-0 Nc6 8. d5 Ne7 9. b4 Nh5 10. g3 f5 11. Ng5 Nf6 12. Bf3 c6 13. Bg2 h6 14. Ne6 Bxe6 15. dxe6 Nxe4 16. Nxe4 fxe4 17. b5 Rf6 18. Ba3 Rxe6 19. Qb3 Nf5 20. bxc6 bxc6 21. Bxe4 Nd4 22. Qd1 Rb8 23. Rb1 Rxb1 24. Qxb1 d5 25. cxd5 cxd5 26. Bg2 Qa5 27. Bb4 Qb5 28. a4 Qc4 29. a5 e4 30. Kh1 Nb3 31. Bh3 Re8 32. Be1 d4 33. f3 d3 34. fxe4 d2 35. Bf2 Rxe4 36. Bg2 Re6 37. Bxa7 Kh7 38. Bf2 Nc1 39. Kg1 Qxf1+ 40. Bxf1 d1Q 41. a6 Ne2+ 0-1

[Event "BCF-chT3N 1819 (4NCL)"]
[Site "England"]
[Date "2019.01.12"]
[Round "3.61"]
[White "Miah, Zahed"]
[Black "Rawlinson, Aidan"]
[Result "0-1"]
[WhiteElo "1863"]
[BlackElo "2177"]
[PlyCount "72"]
[EventDate "2018.11.10"]
[EventType "team-swiss"]
[EventRounds "11"]
[EventCountry "ENG"]
[SourceTitle "EXT 2021"]
[Source "ChessBase"]
[SourceDate "2020.10.23"]
[SourceVersion "1"]
[SourceVersionDate "2020.10.23"]
[SourceQuality "1"]
[WhiteTeam "Manx Liberty II"]
[BlackTeam "Manchester Manticores II"]
[WhiteTeamCountry "ENG"]
[BlackTeamCountry "ENG"]

1. e4 g6 2. d4 Bg7 3. Nf3 d6 4. Be3 Nf6 5. Bd3 0-0 6. Qd2 Ng4 7. Bf4 e5 8. dxe5 dxe5 9. h3 Nxf2 10. Kxf2 exf4 11. Nc3 c6 12. Rhe1 Qb6+ 13. Kf1 Qxb2 14. Ne2 Nd7 15. Qxf4 Ne5 16. Rab1 Nxd3 17. cxd3 Qxa2 18. d4 Qe6 19. Kg1 a5 20. Ng3 a4 21. e5 f6 22. Ne4 fxe5 23. Qg3 exd4 24. Nd6 Qf6 25. Ng5 Qf4 26. Qxf4 Rxf4 27. Nxc8 Rxc8 28. Rxb7 Bh6 29. Nxh7 Rf7 30. Ree7 Rxe7 31. Rxe7 Ra8 32. Nf6+ Kf8 33. Rc7 Bg7 34. Rxc6 a3 35. Nd7+ Kg8 36. Nb6 a2 0-1

[Event "Bunratty Masters op 25th"]
[Site "Bunratty"]
[Date "2018.02.25"]
[Round "5"]
[White "Fegan, Chris"]
[Black "Rawlinson, Aidan"]
[Result "0-1"]
[WhiteElo "2034"]
[BlackElo "2168"]
[PlyCount "48"]
[EventDate "2018.02.23"]
[EventType "swiss"]
[EventRounds "6"]
[EventCountry "IRL"]
[SourceTitle "CBM 183 Extra"]
[Source "ChessBase"]
[SourceDate "2018.04.19"]
[SourceVersion "1"]
[SourceVersionDate "2018.04.19"]
[SourceQuality "1"]

1. d4 g6 2. e4 Bg7 3. f4 c5 4. Nf3 cxd4 5. Nxd4 Nc6 6. e5 Nh6 7. Nxc6 bxc6 8. Be3 d6 9. Nc3 0-0 10. Bd3 dxe5 11. Qf3 exf4 12. Qxf4 Ng4 13. Bc5 Qa5 14. Bb4 Qh5 15. Be2 Be5 16. Qf3 Rb8 17. Ba3 Qh6 18. h4 Ne3 19. Bd3 Bg4 20. Qf2 Rfd8 21. Na4 Rd4 22. Bc5 Nxg2+ 23. Qxg2 Qe3+ 24. Be2 Bg3+ 0-1

[Event "Bunratty Masters op 25th"]
[Site "Bunratty"]
[Date "2018.02.23"]
[Round "1"]
[White "Rawlinson, Aidan"]
[Black "Collins, Sam E"]
[Result "0-1"]
[WhiteElo "2168"]
[BlackElo "2464"]
[PlyCount "68"]
[EventDate "2018.02.23"]
[EventType "swiss"]
[EventRounds "6"]
[EventCountry "IRL"]
[SourceTitle "CBM 183 Extra"]
[Source "ChessBase"]
[SourceDate "2018.04.19"]
[SourceVersion "1"]
[SourceVersionDate "2018.04.19"]
[SourceQuality "1"]

1. d4 Nf6 2. c4 g6 3. g3 Bg7 4. Bg2 0-0 5. Nf3 d6 6. Nc3 Nc6 7. 0-0 e5 8. d5 Nb8 9. e4 a5 10. Ne1 Na6 11. a3 Nc5 12. b3 a4 13. b4 Nb3 14. Ra2 Bd7 15. h3 Nxc1 16. Qxc1 Nh5 17. Qd1 Qe8 18. b5 f5 19. Kh2 Nf4 20. Nxa4 Nxg2 21. Nxg2 f4 22. Nc3 h5 23. f3 fxg3+ 24. Kxg3 Bh6 25. a4 Kh7 26. Ne2 b6 27. a5 Rxa5 28. Rxa5 bxa5 29. Qe1 Qa8 30. Qc3 Qa7 31. Ra1 Ra8 32. Ra4 Qb6 33. Nc1 Qg1 34. Ne2 h4+ 0-1

[Event "BCF-chT1d 1617 (4NCL) Demotion pool"]
[Site "England"]
[Date "2017.05.01"]
[Round "11.67"]
[White "Larter, Nick J"]
[Black "Rawlinson, Aidan"]
[Result "0-1"]
[WhiteElo "1806"]
[BlackElo "2208"]
[PlyCount "144"]
[EventDate "2016.11.19"]
[EventType "team-tourn"]
[EventRounds "4"]
[EventCountry "ENG"]
[SourceTitle "EXT 2018"]
[Source "ChessBase"]
[SourceDate "2017.10.13"]
[SourceVersion "1"]
[SourceVersionDate "2017.10.13"]
[SourceQuality "1"]
[WhiteTeam "Celtic Tigers"]
[BlackTeam "Oxford"]
[WhiteTeamCountry "ENG"]
[BlackTeamCountry "ENG"]

1. e4 g6 2. c4 Bg7 3. Nc3 d6 4. g3 Nf6 5. Bg2 0-0 6. Nge2 c5 7. 0-0 Nc6 8. d3 a6 9. Rb1 Rb8 10. h3 b5 11. b3 Ne8 12. Be3 Nd4 13. f4 e6 14. Qd2 f5 15. Kh2 Qc7 16. Ng1 Bd7 17. Nf3 Bc6 18. Ng5 h6 19. Nf3 Kh7 20. Nh4 Nf6 21. Bxd4 cxd4 22. Ne2 Nd7 23. cxb5 axb5 24. Rbc1 Qb6 25. Rxc6 Qxc6 26. exf5 Qc5 27. Rc1 Qa7 28. Nxg6 Rfc8 29. Rxc8 Rxc8 30. Ne7 Re8 31. fxe6 Rxe7 32. exd7 Qxd7 33. Be4+ Kh8 34. f5 d5 35. f6 Bxf6 36. Qxh6+ Kg8 37. Bf3 Bg7 38. Qg6 Re3 39. Bg4 Qf7 40. Qxf7+ Kxf7 41. Nf4 Bh6 42. Nxd5 Rxd3 43. Bd7 Rd2+ 44. Kh1 Rxa2 45. Bxb5 Ke6 46. Bc4 Ke5 47. Nb4 Rd2 48. Kg1 Ke4 49. Bd5+ Ke3 50. h4 Bf8 51. Nc6 Bd6 52. Na5 Rd1+ 53. Kg2 Rd2+ 54. Kh3 Kf2 55. Nc4 Rd3 56. Nxd6 Rxg3+ 57. Kh2 Rg6 58. Nc4 d3 59. Be4 Rg4 60. Bf5 Rxh4+ 61. Bh3 Rh6 62. Nd2 Rh8 63. Nc4 Rb8 64. Nd2 Ke2 65. Ne4 Ke3 66. Nc3 Rxb3 67. Nd1+ Kf3 68. Be6 Rb5 69. Bd7 Rh5+ 70. Kg1 Rc5 71. Kf1 d2 72. Ba4 Re5 0-1

[Event "BCF-chT1d 1617 (4NCL) Demotion pool"]
[Site "England"]
[Date "2017.04.29"]
[Round "9.85"]
[White "Foord, Dominic"]
[Black "Rawlinson, Aidan"]
[Result "1-0"]
[WhiteElo "2099"]
[BlackElo "2208"]
[PlyCount "67"]
[EventDate "2016.11.19"]
[EventType "team-tourn"]
[EventRounds "4"]
[EventCountry "ENG"]
[SourceTitle "EXT 2018"]
[Source "ChessBase"]
[SourceDate "2017.10.13"]
[SourceVersion "1"]
[SourceVersionDate "2017.10.13"]
[SourceQuality "1"]
[WhiteTeam "Kings Head"]
[BlackTeam "Oxford"]
[WhiteTeamCountry "ENG"]
[BlackTeamCountry "ENG"]

1. d4 g6 2. e4 Bg7 3. Nf3 d6 4. c3 Nf6 5. Bd3 0-0 6. 0-0 Nc6 7. Re1 e5 8. Nbd2 h6 9. h3 a6 10. Nf1 Nh5 11. d5 Ne7 12. c4 b6 13. b4 a5 14. bxa5 Rxa5 15. Bd2 Ra8 16. a4 Nf4 17. Bc2 g5 18. Ne3 Neg6 19. Nf5 Qf6 20. Ra3 Ba6 21. Nh2 Kh7 22. Ng4 Qd8 23. g3 Nxh3+ 24. Kg2 h5 25. Kxh3 hxg4+ 26. Qxg4 Rh8 27. Kg2 Bxc4 28. Bxg5 Bf6 29. Rh1+ Kg8 30. Rxh8+ Kxh8 31. Bxf6+ Qxf6 32. Rc3 b5 33. axb5 Nf4+ 34. gxf4 1-0

[Event "BCF-chT4S 1617 (4NCL)"]
[Site "England"]
[Date "2017.03.19"]
[Round "8.13"]
[White "Rawlinson, Aidan"]
[Black "Brozel, Sacha"]
[Result "1/2-1/2"]
[WhiteElo "2196"]
[BlackElo "2132"]
[PlyCount "65"]
[EventDate "2016.11.26"]
[EventType "team-swiss"]
[EventRounds "11"]
[EventCountry "ENG"]
[SourceTitle "EXT 2019"]
[Source "ChessBase"]
[SourceDate "2018.10.10"]
[SourceVersion "1"]
[SourceVersionDate "2018.10.10"]
[SourceQuality "1"]
[WhiteTeam "Oxford II"]
[BlackTeam "Barnet Knights"]
[WhiteTeamCountry "ENG"]
[BlackTeamCountry "ENG"]

1. d4 Nf6 2. c4 e6 3. g3 Bb4+ 4. Bd2 c5 5. Bxb4 cxb4 6. Bg2 0-0 7. e4 d6 8. Ne2 e5 9. 0-0 a5 10. a3 Na6 11. axb4 Nxb4 12. h3 Qc7 13. Na3 Bd7 14. Nc3 Rfd8 15. Qd2 Rac8 16. Rfd1 Bc6 17. b3 b6 18. Kh2 Qb7 19. f3 Na6 20. h4 Bd7 21. Bh3 Bxh3 22. Kxh3 Qb8 23. Rab1 Nd7 24. Nd5 Re8 25. Nb5 h6 26. Rb2 Nf8 27. Qf2 Rc6 28. g4 Ne6 29. dxe5 dxe5 30. Rbd2 Nac5 31. Qe3 Kh8 32. Kg3 Nd4 33. Rb2 1/2-1/2

[Event "BCF-chT4S 1617 (4NCL)"]
[Site "England"]
[Date "2017.02.11"]
[Round "5.11"]
[White "Rawlinson, Aidan"]
[Black "Spencer, Douglas"]
[Result "1/2-1/2"]
[WhiteElo "2199"]
[BlackElo "2022"]
[PlyCount "113"]
[EventDate "2016.11.26"]
[EventType "team-swiss"]
[EventRounds "11"]
[EventCountry "ENG"]
[SourceTitle "EXT 2019"]
[Source "ChessBase"]
[SourceDate "2018.10.10"]
[SourceVersion "1"]
[SourceVersionDate "2018.10.10"]
[SourceQuality "1"]
[WhiteTeam "Oxford II"]
[BlackTeam "West is Best II"]
[WhiteTeamCountry "ENG"]
[BlackTeamCountry "WLS"]

1. d4 d5 2. c4 e6 3. Nf3 c6 4. e3 Nf6 5. b3 Be7 6. Bd3 0-0 7. Nbd2 c5 8. 0-0 b6 9. cxd5 exd5 10. Bb2 Bb7 11. Qc2 Nbd7 12. Rad1 Rc8 13. Qb1 Qc7 14. dxc5 bxc5 15. e4 dxe4 16. Nxe4 Nxe4 17. Bxe4 Bxe4 18. Qxe4 Bf6 19. Bxf6 Nxf6 20. Qc4 Rfe8 21. Rfe1 h6 22. Kf1 Kf8 23. Rc1 Rxe1+ 24. Rxe1 Nd7 25. Qe4 Nf6 26. Qe5 Qxe5 27. Nxe5 Nd5 28. Nd7+ Kg8 29. Rc1 Nb4 30. a3 Na6 31. b4 c4 32. b5 Rc7 33. Ne5 Rc5 34. bxa6 Rxe5 35. Rxc4 Ra5 36. Rc8+ Kh7 37. Rc3 Rxa6 38. Ke2 Kg6 39. Kd3 Kf6 40. Kc4 Rc6+ 41. Kb4 Rd6 42. Kb5 Rb6+ 43. Ka5 Ke6 44. a4 Kd7 45. Rc4 Rf6 46. f3 Rd6 47. h4 h5 48. Rc5 g6 49. Kb5 Rb6+ 50. Kc4 Rb2 51. Ra5 Rxg2 52. Kd5 g5 53. Rxa7+ Ke8 54. hxg5 Rxg5+ 55. Ke4 h4 56. f4 Rh5 57. Rb7 1/2-1/2

[Event "BCF-chT4S 1617 (4NCL)"]
[Site "England"]
[Date "2017.01.15"]
[Round "4.11"]
[White "Graff, Ben"]
[Black "Rawlinson, Aidan"]
[Result "1-0"]
[WhiteElo "1907"]
[BlackElo "2213"]
[PlyCount "71"]
[EventDate "2016.11.26"]
[EventType "team-swiss"]
[EventRounds "11"]
[EventCountry "ENG"]
[SourceTitle "EXT 2019"]
[Source "ChessBase"]
[SourceDate "2018.10.10"]
[SourceVersion "1"]
[SourceVersionDate "2018.10.10"]
[SourceQuality "1"]
[WhiteTeam "Throw in the Tal II"]
[BlackTeam "Oxford II"]
[WhiteTeamCountry "ENG"]
[BlackTeamCountry "ENG"]

1. e4 g6 2. d4 Bg7 3. Nf3 d6 4. Nc3 a6 5. a4 b6 6. Be3 e6 7. Qd2 h6 8. Bd3 Nd7 9. 0-0 Ne7 10. d5 e5 11. b4 f5 12. Qe1 f4 13. Bc1 g5 14. Bb2 Ng6 15. Nd2 g4 16. f3 h5 17. Ne2 Nf6 18. g3 Bh6 19. gxf4 Bxf4 20. Nxf4 Nxf4 21. Qh4 Rg8 22. Kh1 gxf3 23. Rxf3 Rg4 24. Qe1 Qe7 25. Rg3 Qg7 26. Bf1 Bd7 27. Raa3 a5 28. b5 0-0-0 29. Be2 Rxg3 30. Rxg3 Qh7 31. Bf3 Rf8 32. Bc1 h4 33. Rg5 Nh3 34. Rg2 Bg4 35. Rxg4 Nxe4 36. Bxe4 1-0

[Event "BCF-chT4S 1617 (4NCL)"]
[Site "England"]
[Date "2016.11.27"]
[Round "2.12"]
[White "Rawlinson, Aidan"]
[Black "Jones, Robert L"]
[Result "1-0"]
[WhiteElo "2208"]
[BlackElo "1792"]
[PlyCount "78"]
[EventDate "2016.11.26"]
[EventType "team-swiss"]
[EventRounds "11"]
[EventCountry "ENG"]
[SourceTitle "EXT 2019"]
[Source "ChessBase"]
[SourceDate "2018.10.10"]
[SourceVersion "1"]
[SourceVersionDate "2018.10.10"]
[SourceQuality "1"]
[WhiteTeam "Oxford II"]
[BlackTeam "Iceni II"]
[WhiteTeamCountry "ENG"]
[BlackTeamCountry "ENG"]

1. d4 e6 2. c4 Nf6 3. g3 Be7 4. Bg2 d5 5. Nf3 0-0 6. 0-0 c6 7. Qc2 b6 8. Rd1 Bb7 9. Nbd2 Nbd7 10. e4 Rc8 11. e5 Ne8 12. cxd5 cxd5 13. Qd3 Nc7 14. h4 Ba6 15. Qe3 Nb8 16. Bh3 Nc6 17. a3 Na5 18. b3 Ne8 19. Bb2 Rc7 20. Rdc1 h6 21. Ne1 Nc6 22. Ng2 Kh7 23. Nf4 g5 24. hxg5 Bxg5 25. Nf3 Ng7 26. Kg2 Rh8 27. Bg4 Kg8 28. Rh1 Bxf4 29. Qxf4 h5 30. Bxh5 Rxh5 31. Rxh5 Nxh5 32. Qh6 Nf4+ 33. Qxf4 f5 34. exf6 Rf7 35. Ne5 Nxe5 36. dxe5 Qc7 37. Qg4+ Kf8 38. a4 Bd3 39. Ba3+ Ke8 1-0

[Event "BCF-chT4S 1617 (4NCL)"]
[Site "England"]
[Date "2016.11.26"]
[Round "1.12"]
[White "Pink, Joshua"]
[Black "Rawlinson, Aidan"]
[Result "0-1"]
[WhiteElo "2005"]
[BlackElo "2208"]
[PlyCount "50"]
[EventDate "2016.11.26"]
[EventType "team-swiss"]
[EventRounds "11"]
[EventCountry "ENG"]
[SourceTitle "EXT 2019"]
[Source "ChessBase"]
[SourceDate "2018.10.10"]
[SourceVersion "1"]
[SourceVersionDate "2018.10.10"]
[SourceQuality "1"]
[WhiteTeam "Throw in the Tal"]
[BlackTeam "Oxford II"]
[WhiteTeamCountry "ENG"]
[BlackTeamCountry "ENG"]

1. e4 g6 2. d4 Bg7 3. Nc3 d6 4. f4 a6 5. Nf3 b5 6. Bd3 Nd7 7. e5 c5 8. Be4 Rb8 9. dxc5 Nxc5 10. Bc6+ Bd7 11. Bxd7+ Qxd7 12. Be3 Rc8 13. 0-0 Nh6 14. Bxc5 Rxc5 15. Ne4 Rc4 16. Re1 d5 17. Nc3 Qa7+ 18. Kf1 e6 19. Qd2 0-0 20. Rad1 Rfc8 21. Nd4 Bf8 22. Re3 Rxd4 23. Qxd4 Bc5 24. Nxb5 axb5 25. Qc3 b4 0-1

[Event "Bunratty Masters op 23rd"]
[Site "Bunratty"]
[Date "2016.02.20"]
[Round "3"]
[White "Rawlinson, Aidan"]
[Black "Schockenbaeumer, Dirk"]
[Result "0-1"]
[WhiteElo "2208"]
[BlackElo "2155"]
[PlyCount "60"]
[EventDate "2016.02.19"]
[EventType "swiss"]
[EventRounds "6"]
[EventCountry "IRL"]
[SourceTitle "EXT 2017"]
[Source "ChessBase"]
[SourceDate "2016.10.25"]
[SourceVersion "1"]
[SourceVersionDate "2016.10.25"]
[SourceQuality "1"]

1. d4 Nf6 2. c4 g6 3. g3 Bg7 4. Bg2 d5 5. cxd5 Nxd5 6. Nc3 Nb6 7. Nf3 Nc6 8. e3 e5 9. d5 Ne7 10. e4 0-0 11. 0-0 Bg4 12. h3 Bd7 13. b3 Nec8 14. Ba3 Nd6 15. Rc1 Re8 16. Qc2 Bh6 17. Rcd1 Qf6 18. Ne1 Rac8 19. Nd3 Nb5 20. Bb2 Nd4 21. Qb1 Nf3+ 22. Kh1 c5 23. Ne2 c4 24. Ndf4 c3 25. Nxc3 exf4 26. Bxf3 Rxc3 27. Rd3 Rec8 28. Rxc3 Rxc3 29. Qe1 Bg7 30. g4 Qh4 0-1

[Event "BCF-chT1c 1415 (4NCL) Promotion pool"]
[Site "England"]
[Date "2015.03.29"]
[Round "8.125"]
[White "Gourlay, Iain"]
[Black "Rawlinson, Aidan"]
[Result "1-0"]
[WhiteElo "2378"]
[BlackElo "2190"]
[PlyCount "39"]
[EventDate "2014.11.15"]
[EventType "team-tourn"]
[EventRounds "4"]
[EventCountry "ENG"]
[SourceTitle "EXT 2016"]
[Source "ChessBase"]
[SourceDate "2015.10.08"]
[SourceVersion "1"]
[SourceVersionDate "2015.10.08"]
[SourceQuality "1"]
[WhiteTeam "White Rose"]
[BlackTeam "Oxford"]
[WhiteTeamCountry "ENG"]
[BlackTeamCountry "ENG"]

1. Nf3 g6 2. c4 Bg7 3. g3 Nf6 4. Bg2 0-0 5. Nc3 d6 6. 0-0 a6 7. Rb1 e5 8. d3 c6 9. b4 Re8 10. b5 axb5 11. cxb5 d5 12. bxc6 bxc6 13. d4 Nbd7 14. dxe5 Nxe5 15. Nxe5 Rxe5 16. Be3 Rxe3 17. fxe3 Ng4 18. Nxd5 cxd5 19. Qxd5 Qxd5 20. Bxd5 1-0